[Event "EU-ch Blitz"]
[Site "Katowice"]
[Date "2022.12.16"]
[Round "2"]
[White "Thorfinnsson, Bjorn"]
[Black "Panczak, Tomasz"]
[Result "1-0"]
[WhiteElo "2374"]
[BlackElo "1766"]
[PlyCount "39"]
[EventDate "2022.12.16"]
[EventType "swiss (blitz)"]
[EventRounds "22"]
[EventCountry "POL"]
[SourceTitle "CBM 211 Extra"]
[Source "ChessBase"]
[SourceDate "2023.01.31"]
[SourceVersion "1"]
[SourceVersionDate "2023.01.31"]
[SourceQuality "1"]

1. d4 d5 2. Nf3 e6 3. Bf4 c5 4. e3 Nc6 5. c3 Nf6 6. Nbd2 Bd6 7. Bg3 b6 8. Qc2 Bd7 9. Bd3 Bxg3 10. hxg3 h6 11. Bb5 Rc8 12. Bxc6 Bxc6 13. Ne5 cxd4 14. exd4 Qd6 15. g4 Nd7 16. Ndf3 b5 17. g5 b4 18. g6 Nxe5 19. Nxe5 f6 20. Nf7 1-0

[Event "EU-ch blitz"]
[Site "Katowice"]
[Date "2017.12.15"]
[Round "1"]
[White "Panczak, Tomasz"]
[Black "Heberla, Bartlomiej"]
[Result "0-1"]
[WhiteElo "1826"]
[BlackElo "2555"]
[PlyCount "58"]
[EventDate "2017.12.15"]
[EventType "swiss (blitz)"]
[EventRounds "22"]
[EventCountry "POL"]
[SourceTitle "CBM 182 Extra"]
[Source "ChessBase"]
[SourceDate "2018.02.23"]
[SourceVersion "1"]
[SourceVersionDate "2018.02.23"]
[SourceQuality "1"]

1. c4 e5 2. Nc3 Nc6 3. e3 f5 4. Nge2 Nf6 5. g3 d5 6. cxd5 Nxd5 7. Bg2 Ndb4 8. d4 e4 9. 0-0 Bd6 10. Nb5 Be6 11. Nxd6+ Qxd6 12. Nf4 Bc4 13. Re1 0-0 14. a3 Nd3 15. Nxd3 Bxd3 16. Bf1 Bxf1 17. Rxf1 Ne7 18. Bd2 Nd5 19. Rc1 c6 20. Qb3 Qd7 21. Bb4 Rf6 22. f3 Re8 23. f4 Qe6 24. Bd2 Nxf4 25. Qxb7 Ne2+ 26. Kg2 Nxc1 27. Rxc1 f4 28. Rc5 f3+ 29. Kf2 Qh3 0-1